| 000 | 02625nam a22002897a 4500 | ||
|---|---|---|---|
| 999 |
_c59781 _d59781 |
||
| 003 | Ge_BSU | ||
| 005 | 20230418101449.0 | ||
| 008 | 230418s2007 ge ||||| |||| 00| 0 geo d | ||
| 041 | _ageo | ||
| 080 | _a902.2(479.221.11)+739.1(479.22) ჩ-89 | ||
| 100 |
_aჩუბინაშვილი, გიორგი _917645 |
||
| 245 |
_aარმაზის პიტიახშთა ნეკროპოლში აღმოჩენილი ნივთების მხატვრული დახასიათების ცდა = Опыт художествнной характеристики предметов из раскопок некрополя питиахшей в Армазии / _cგიორგი ჩუბინაშვილი ; [ტექსტი ქართ. თარგმნა და გამოსაც. მოამზადა კიტი მაჩაბელმა (რედ.) ; ფოტ.: ო. ქობალიანი; ყდის დიზაინი გ. ბაგრატიონი; ფოტო ო. ქობალიანი და სხვ.] ; საქ. კულტ., ძეგლთა დაცვისა და სპორტის სამინ., ქართ. ხელოვნ. ისტ. და ძეგლთა დაცვის ეროვნ. ცენტრი. |
||
| 264 |
_aთბილისი : _b[ნეკერი], _c 2007. |
||
| 300 |
_a188 გვ. : _b38 ილ. ; _c25 სმ. |
||
| 500 | _aტექსტი ქართ. და რუს. ენ. | ||
| 501 | _aარმაზის საგანძური | ||
| 653 | _aარქეოლოგიური გათხრები მცხეთაში | ||
| 653 | _aნეკროპოლები საქართველოში | ||
| 653 | _aლითონის ნაკეთობანი | ||
| 653 | _aქართული ოქრომჭედლობა | ||
| 700 |
_aმაჩაბელი, კიტი _eმთარგმნელი _98335 |
||
| 700 |
_aმაჩაბელი, კიტი _eრედაქტორი _98335 |
||
| 700 |
_aბაგრატიონი, გიორგი _eყდის დიზაინი _917646 |
||
| 700 |
_aქობალიანი, ო. _eფოტო _917647 |
||
| 710 |
_aსაქ. კულტ., ძეგლთა დაცვისა და სპორტის სამინისტრო _b ქართ. ხელოვნ. ისტ. და ძეგლთა დაცვის ეროვნ. ცენტრი. _917648 |
||
| 942 |
_2udc _cBK |
||